000 00545nam a2200181Ia 4500
008 240729s9999 xx 000 0 und d
022 _a1438-8871
245 0 _aJournal of Medical Internet Research
260 _aCanada
260 _bJMIR Publications
650 _a Computer applications to medicine. Medical informatics | Medicine
650 _a Medicine (General)
650 _a Public aspects of medicine
650 _aMedicine
856 _uhttps://doaj.org/toc/c9b232aa100e40f6bb8aa3f0189f08a5
942 _2ddc
942 _cDOAJEJ
999 _c71816
_d71816
945 _a1
_bMadushi Gamage
_c1
_dMadushi Gamage